Riconosci la Squadra di calcio - Quiz n°48 - Statistics

Statistiche generali
  • Questo quiz è stato fatto 14 volte
  • Il punteggio medio è 10 su 12
Statistiche sulle risposte
Indizio Risposta % Corretto
Titoli nazionali 1 campionato di Serie B
100%
Colori sociali Rosso, nero
92%
Divisione nazionale 2023-2024 Terza
92%
Trofei internazionali 0
85%
Trofei nazionali 2 Coppe Italia Serie C/Lega Pro 1 Supercoppa di Serie C
85%
Simboli Satanelli
85%
Fondazione 1920
77%
Rifondazione 2012
77%
Rifondazione 2019
77%
Capienza Stadio 25 085 posti
77%
Confederazione UEFA
69%
Squadra Foggia
62%
Nessun quiz corrispondente trovato
Distribuzione punteggi
Percentuale di utenti per punteggio
Percentile per numero di risposta
I tuoi punteggi nel tempo
Non hai fatto questo quiz